[Event "Olympiad-39"]
[Site "Khanty-Mansiysk"]
[Date "2010.09.30"]
[Round "9.4"]
[White "Bartel, Mateusz"]
[Black "Adhiban, Baskaran"]
[Result "1-0"]
[WhiteElo "2599"]
[BlackElo "2516"]
[Annotator "Bartel,M"]
[PlyCount "79"]
[EventDate "2010.09.21"]
[EventType "team-swiss"]
[EventRounds "11"]
[EventCountry "RUS"]
[SourceTitle "CBM 139"]
[Source "ChessBase"]
[SourceDate "2010.11.18"]
[SourceVersion "1"]
[SourceVersionDate "2010.11.18"]
[SourceQuality "1"]
[WhiteTeam "Poland"]
[BlackTeam "India"]
[WhiteTeamCountry "POL"]
[BlackTeamCountry "IND"]

1. d4 d5 2. c4 c6 3. Nf3 Nf6 4. Qc2 g6 5. Bf4 dxc4 ({Not the most common
choice. Usually players choose between} 5... Bg7 6. e3 O-O 7. Nc3) ({and} 5...
Bf5 6. Qb3 Qb6 7. c5 Qxb3 8. axb3 Bxb1 9. Rxb1) 6. Qxc4 Bg7 7. Nc3 O-O 8. e4 {
This move is not best in this position. However, now we are in... a Grünfeld!
I knew that we had a transposition on the board, and even the fact that
White's chances are not very promising, didn't stop me from playing this move
- I was quite sure that my opponent would face practical problems.} b5 9. Qb3
Na6 $5 {A very interesting move, which is in fact leading to a Q vs B+B+N
position!} ({There are 2 good alternatives:} 9... Qa5 10. Bd3 Be6 11. Qd1) ({
and} 9... Be6 10. Qc2 Qa5 11. Bd2 b4 12. Nd1) 10. e5 $1 {In fact White is
forced to play this move.} Be6 ({I don't believe that} 10... Nh5 {or}) (10...
Ne8 {offered Black serious chances for equalising.}) 11. exf6 $1 {The only
move, again.} ({In fact I did not calculate other options, but it was
neccessary to check:} 11. Qa3 $2 Nd5 $1 12. Nxd5 Bxd5 13. Qxa6 Bxf3 14. gxf3
Qxd4 15. Be3 Qb4+ 16. Bd2 Qxb2 17. Rc1 Rad8 18. Be3 Bh6 19. Bxh6 Qb4+ 20. Ke2
Qb2+ {with a draw.}) 11... Bxb3 12. fxg7 Re8 $2 ({Yes, sometimes it's useful
to leave such a pawn as the pawn on g7, but this time it's sensless. White can
easily create many serious threats when he puts the bishop on h6. The obvious} 
12... Kxg7 {was leading to a very interesting position:} 13. axb3 Nb4 14. Rc1
Qc8 $1 {I think my opponent missed, or underestimated this pawn-grabbing
manoeuvre.} 15. Be2 Qe6 16. O-O Qxb3 17. Bd2 $1 a5 18. Bd1 Qe6 19. Re1 Qd7 20.
Ne4 $1 Nd3 21. Nc5 Nxc5 22. Rxc5 {and I believe that White can create a
serious attack on the kingside, using his minor pieces.}) 13. axb3 Nb4 14. Rc1
c5 $2 {This is the final mistake.} ({It was possible to play} 14... Qd7 {
again, but of course, now White has a strong pawn on g7:} 15. Be2 Qe6 16. O-O
Qxb3 17. Bd2 a5 18. Bd1 Qe6 19. Bh6 {with a clear advantage.}) 15. dxc5 e5 ({
Also after} 15... Nd3+ 16. Bxd3 Qxd3 17. Rd1 Qf5 18. Be3 {White is much better.
}) 16. Be3 f5 $2 {This is definitely too much. Black can't mate White with
only one knight on b4!} ({Black had to play} 16... e4 17. Nd4 a6 18. Be2 {
but of course White is better.}) 17. Bxb5 ({I also considered} 17. Bh6 $2 {
but after} a6 $1 {Black is better - the bishop left the important e3-square
for nothing - White can't give a check on the a2-c4 diagonal!} (17... e4 $2 18.
Bxb5 exf3+ 19. Kf1 $18)) 17... f4 (17... e4 18. Rd1 {and White is winning as
well.}) 18. Rd1 {White still hasn't completed his development, but is already
winning!} Qf6 19. Ne4 Qxg7 20. Rd7 Re7 21. Bc4+ Kh8 22. Rxe7 Qxe7 23. Bd2 {
White was already winning for a few moves, but now the position is very clear
- there is no danger from Black at all. The rest doesn't need any comments -
White slowly improves his position.} Nc2+ 24. Kd1 Nd4 25. Nxd4 exd4 26. Re1 Rf8
27. f3 h6 28. b4 Qd7 29. b5 g5 30. c6 Qe7 31. Kc2 a6 32. bxa6 Qc7 33. Bb4 Qxc6
34. Bc5 d3+ 35. Kxd3 Rd8+ 36. Kc3 Qa4 37. Nd6 Kg7 38. Re7+ Kg6 39. Re6+ Kh7 40.
Bd3+ 1-0

[Event "EU-chT (Men) 18th"]
[Site "Porto Carras"]
[Date "2011.11.06"]
[Round "4.3"]
[White "Bartel, Mateusz"]
[Black "Borisek, Jure"]
[Result "1/2-1/2"]
[WhiteElo "2653"]
[BlackElo "2541"]
[Annotator "Bartel,M"]
[PlyCount "91"]
[EventDate "2011.11.03"]
[EventType "team-swiss"]
[EventRounds "9"]
[EventCountry "GRE"]
[SourceTitle "CBM 146"]
[Source "ChessBase"]
[SourceDate "2012.01.18"]
[SourceVersion "1"]
[SourceVersionDate "2012.01.18"]
[SourceQuality "1"]
[WhiteTeam "Poland"]
[BlackTeam "Slovenia"]
[WhiteTeamCountry "POL"]
[BlackTeamCountry "SLO"]

1. d4 Nf6 2. c4 g6 3. Nc3 d5 4. Nf3 Bg7 5. Qb3 dxc4 6. Qxc4 O-O 7. e4 a6 8. Qa4
{This move was never very popular, but in 2009 it was tried by such players as
Radjabov and Aronian.} Nc6 {The logical answer, as Black wants to play ...Bg4
and ...b5.} 9. Be2 Bg4 10. d5 $6 {This move is a bit suspect.} ({A better try
is} 10. Be3 {which was tried by Zoltan Gyimesi.}) 10... b5 11. Qd1 Na5 12. e5
$6 {Interesting, risky, but not very good.} ({Objectively White should play} 
12. h3 Bxf3 13. Bxf3 c6 14. dxc6 Qxd1+ 15. Nxd1 e5 $5 {with a more or less
equal position.}) 12... Nd7 13. e6 Bxf3 $6 ({Both players missed that after} 
13... fxe6 $1 14. Ng5 Bxc3+ 15. bxc3 Bxe2 16. Qxe2 {Black can play} Nc5 $1 {
and is better.}) 14. exf7+ Rxf7 15. Bxf3 Ne5 16. Be2 c6 {The last moves
weren't forced, but very logical. Now the situation is changing.} 17. f4 $2 {
Not for the first time in this game I chose a risky move.} ({Objectively the
best was} 17. dxc6 {and the position is equal.}) 17... Nec4 (17... Qb6 $1 {
was much stronger and even the fact that it's not easy to calculate everything
shouldn't stop Black from playing this move - it's easy to realise that the
initiative is great.} 18. fxe5 Qf2+ 19. Kd2 b4 20. Na4 Rd8 21. d6 Bxe5 22. Kc2
Rxd6 23. Qf1 {The last moves were forced (at least those from White's side)
and it seems that it's not all that bad, but Black has the amazing} Bxb2 $1 {
and White is hopeless, but again - it's not so simple, because after} 24. Bxb2
(24. Qxf2 Rxf2 25. Nxb2 Rxe2+ 26. Kb1 c5) 24... Qe3 $1 25. Bf3 Rd2+ 26. Kb1 {
the key move is} Rf4 $3 {with idea of ...Nc4 and the attack is decisive.}) 18.
Bg4 Kh8 ({It was also possible to play} 18... Nxb2 $5 19. Bxb2 Nc4 20. Be6 Nxb2
21. Qf3 Na4 (21... Qa5 $5) 22. Nxa4 Bxa1 23. Ke2 bxa4 24. Rxa1 Qb6 {and Black
is better, but at the same time White can hold it.}) 19. Be6 ({Probably} 19.
O-O {was better, but I had an absolutely different plan in mind.}) 19... Rf8
20. h4 $5 {Once again, I chose a risky line, but I couldn't stop my hands...}
Qd6 (20... Qb6 $1 {was stronger as well as the queen controls the e3-square
what can be very important.}) 21. h5 g5 22. h6 Bxc3+ ({In the event of} 22...
Bf6 {I finally wanted to castle} 23. O-O {and after} cxd5 24. f5 Nxb2 25. Bxb2
Nc4 26. Nxd5 {White has some initative, but at the same time Black is very
safe and a pawn up.}) 23. bxc3 gxf4 24. Rh5 $6 {During the game I was very
proud of this move, but I underestimated Black's defensive resources.} ({
The correct move was} 24. O-O $1 Rf6 (24... cxd5 $2 25. Qg4 $1) 25. Qg4 Qc5+
26. Rf2 Rxh6 27. Bxf4 Rg6 {and both sides would have their chances, although I
prefer White, who has the bishop pair.}) 24... Rf6 $2 ({Not only from a
practical point of view very strong was} 24... Ne5 $1 25. Qd4 Nac4 {where
Black has really powerful knights. What is even more important is that White
must play the only move} 26. Ke2 $1 {in order not to lose on the spot, but
this move is not easy and also Black would be much better anyway. Surprisingly
neither player was aware that such a move as ...Ne5 exists.}) 25. Qg4 Rg6 26.
Qxf4 Qxf4 (26... cxd5 {was also ok and after} 27. Bxd5 Rd8 28. Qxd6 Rgxd6 29.
Bf3 {it would be more or less drawish.}) 27. Bxf4 Rf8 ({Surprisingly after} 
27... Rxg2 $2 28. Rg5 {Black has no hope!}) 28. g3 cxd5 ({Of course,} 28...
Rxf4 $2 {didn't work because of} 29. gxf4 Rg1+ 30. Kf2 Rxa1 31. Rg5) 29. Bxd5
Nc6 $2 {Big mistake. Black wanted to improve the position of his knight, but
at this moment it was very important to play very precisely.} ({The best was} 
29... e6 $1 30. Bxc4 (30. Be4 Rxf4 $1 31. Bxg6 hxg6 32. gxf4 gxh5 $15) 30...
Nxc4 31. O-O-O e5 32. Bxe5+ Nxe5 33. Rxe5 Rxh6 $11) 30. O-O-O {Now White is
much better, because of Black's problems with his king.} ({It was also
possible to play} 30. a4) 30... e5 31. Bg5 Rf5 32. Bxc6 $2 {Missing a
beautiful tactical trick.} ({It's funny, but I saw the winning} 32. Bh4 {
, but after} Rxh5 (32... Rf8 {is better, but White would be better in a fine
line} 33. Be4 b4 $1 34. g4 $1 {preparing Rf5} bxc3 35. Rf5 $18) {I completely
missed the fantastic} 33. Rf1 $3 {with mate not later than in 4! e.g.} ({
I saw only} 33. Bxc6 Rhxh6 {and Black wins}) 33... Rgxh6 34. Rf8+ Kg7 35. Rg8#
{It's a pity that in one tournament I missed two great tricks in which the key
move was Rf1 (1st case in the game vs. Zagorskis - also annotated in CBM 146).
Starting from now I will concentrate on all lines with Rf1 possible in them!})
32... Rfxg5 {Now White is still pressing, because of the very strong h6-pawn,
but chances for a draw are also significant.} 33. Rxg5 Rxg5 34. Be4 $2 {
In fact this move, which I considered to be very strong, spoils all my chances.
} ({The pawn endgame after} 34. Rd8+ Rg8 35. Rxg8+ Kxg8 36. Bd5+ Kf8 37. Bxc4
bxc4 {is simply drawish:} 38. Kd2 Kf7 39. Ke3 Kg6 40. Ke4 Kxh6 41. Kxe5 Kg5 42.
Kd5 Kg4 43. Kxc4 Kxg3 44. Kd4 (44. Kb3 $4 h5 45. c4 Kf4 $19) 44... h5 45. c4 h4
46. c5 h3 47. c6 h2 48. c7 h1=Q 49. c8=Q) ({Very strong was the surprising} 34.
Be8 $1 {with the idea to cover the g8-square from f7 and after} Rg8 (34... Rxg3
$4 35. Bf7 $18) (34... Ne3 35. Rd6) 35. Bf7 Rf8 36. Be6 e4 37. Rd4 e3 (37...
Ne5 38. Kd1 $1 Nd3 39. Kd2 $1) 38. Bxc4 bxc4 39. Kd1 {it looks like White has
every chance to win the endgame!}) 34... Rxg3 35. Rd8+ Rg8 36. Rd7 Rg4 37. a4 (
{It was possible to try} 37. Ra7 $5 {with the simple intention to take the
a6-pawn, but after} Kg8 $1 {Black should survive without serious difficulties,
e.g.} 38. Ra8+ (38. Bxh7+ Kh8 39. Bd3 (39. Bf5 $2 Rg1+ 40. Kc2 Ne3+) 39... Rg1+
40. Kc2 Rg2+ $11) 38... Kf7 39. Bxh7 Rg1+ 40. Kc2 Rg2+ 41. Kd3 Rxa2 42. Bf5 Nd6
43. h7 Rh2 44. h8=Q Rxh8 45. Rxh8 Nxf5 46. Ra8 Ke6 47. Rxa6+ Kd5 $11) 37...
Rg1+ 38. Kc2 Ne3+ (38... Kg8 $5 {was probably even better}) 39. Kb2 $6 ({
Much better was} 39. Kb3 {and White would have good chances to test the
opponent in a R+B vs R endgame:} bxa4+ (39... Rg4 $2 40. axb5 axb5 41. Re7 $18)
40. Kxa4 Rg4 41. Kb3 (41. Ka5 Kg8 42. Bb1) 41... Kg8 42. Bxh7+ Kh8 43. Bb1 e4
44. c4 Nxc4 45. Kxc4 Rh4 $11) 39... Rg4 40. Rd8+ (40. axb5 axb5 41. Re7 Nc4+
42. Ka2 Nd6 $11) 40... Rg8 41. Rd7 Rg4 42. axb5 axb5 43. Ka2 {At this moment
of the game I thought that we had a zugwang on the board, but I was really,
really wrong.} Kg8 $1 {Simple and effective. This is quite funny, that it's
much better for Black to lose the pawn on h7 than to keep it :)} 44. Rd8+ (44.
Bxh7+ Kh8 $1 (44... Kf8 $2 45. Bd3 $18) 45. Bd3 e4 46. Bxb5 Rh4 {was drawish})
44... Kf7 45. Bxh7 Rh4 46. Bd3 1/2-1/2

[Event "Lopota FIDE GP (Women)"]
[Site "Lopota"]
[Date "2014.06.25"]
[Round "6"]
[White "Koneru, Humpy"]
[Black "Harika, Dronavalli"]
[Result "1-0"]
[WhiteElo "2613"]
[BlackElo "2503"]
[Annotator "CB"]
[PlyCount "191"]
[EventDate "2014.06.19"]
[EventType "tourn"]
[EventRounds "11"]
[EventCountry "GEO"]
[EventCategory "11"]
[SourceTitle "CBM 161 Extra"]
[Source "ChessBase"]
[SourceDate "2014.08.29"]
[SourceVersion "1"]
[SourceVersionDate "2014.08.29"]
[SourceQuality "1"]

{Koneru came very well prepared to the game with an interesting novelty in
move 15 of a sharp Grunfeld. Harika was simply unable to navigate the
complications well enough and her double pawn sacrifice did not provide enough
counterplay. The game reached a queen endgame that was surely lost for Black,
but a series of mistakes by Koneru allowed Harika to eliminate a powerful
passed pawn for free. White was still better but had to win the game all over
again, which she did in the 96th move. The game should have taken half as long
as that.} 1. d4 Nf6 2. c4 g6 3. Nc3 d5 4. Nf3 Bg7 5. Qb3 dxc4 6. Qxc4 O-O 7. e4
Nc6 8. Be2 e5 9. d5 Nd4 10. Nxd4 exd4 11. Qxd4 c6 12. Qc4 b5 13. Qxc6 Bd7 14.
Qd6 Re8 15. Bd3 $5 {A new move in a complex position.} Nh5 16. O-O Be5 17. Qc5
Qh4 18. g3 Qf6 (18... Nxg3 19. fxg3 Bxg3 20. Rf2 $18) 19. Qe3 Bd4 20. Qe2 Bh3
21. Rd1 b4 22. Nb5 Bb6 23. d6 Re5 24. Be3 Rd8 25. Bxb6 axb6 26. Qe3 Bd7 27. f4
Rxb5 28. e5 Qe6 29. Bxb5 Bxb5 30. Qxb6 Qd7 31. Qc7 Qe8 32. Qe7 Qc6 33. Qxd8+
Kg7 34. Rac1 Qf3 35. Re1 Be2 36. Rxe2 Qxe2 37. Qb6 Nxf4 38. gxf4 Qg4+ 39. Kf2
Qxf4+ 40. Ke2 Qxc1 41. Qd4 Qc2+ 42. Ke3 Qc1+ 43. Kd3 Qf1+ 44. Kc2 Qg2+ 45. Kb3
Qf3+ 46. Kxb4 Qb7+ 47. Ka3 Qa6+ 48. Qa4 Qd3+ 49. b3 Qd5 50. Qf4 Kf8 51. Kb4
Qb7+ 52. Kc3 Qc6+ 53. Qc4 Qf3+ 54. Qd3 Qc6+ 55. Kb2 Qc5 56. Qe4 Qf2+ 57. Qc2
Qd4+ 58. Kb1 Qxe5 59. Qc8+ Kg7 60. d7 Qe1+ 61. Qc1 Qa5 62. Kb2 Kf6 63. Qe3 Qd5
64. a4 Qxd7 65. a5 Qd6 66. Kc3 Qc6+ 67. Kb4 Qd6+ 68. Qc5 Qf4+ 69. Kb5 Qf1+ 70.
Kb6 Qd3 71. b4 Qd8+ 72. Kb7 Qd7+ 73. Qc7 Qd3 74. a6 Kg7 75. Qc6 Qa3 76. Qe4 Qa4
77. Qd4+ Kh6 78. a7 Qb5+ 79. Kc7 Qa4 80. Qc5 Qe8 81. b5 f5 82. b6 Qf7+ 83. Kd6
Qf8+ 84. Kd5 Qf7+ 85. Kd4 Qf6+ 86. Kd3 Qd8+ 87. Kc4 Qa8 88. Qd5 Qc8+ 89. Kb4
Qf8+ 90. Kb3 Qf6 91. a8=Q Qxb6+ 92. Kc4 Qc7+ 93. Kd3 Qc1 94. Qf8+ Kh5 95. Qf3+
Kh4 96. Qe7+ 1-0

[Event "Tbilisi FIDE GP"]
[Site "Tbilisi"]
[Date "2015.02.23"]
[Round "8"]
[White "Giri, Anish"]
[Black "Grischuk, Alexander"]
[Result "1/2-1/2"]
[WhiteElo "2797"]
[BlackElo "2810"]
[Annotator "CB"]
[PlyCount "77"]
[EventDate "2015.02.15"]
[EventType "tourn"]
[EventRounds "11"]
[EventCountry "GEO"]
[EventCategory "20"]
[SourceTitle "CBM 165"]
[Source "ChessBase"]
[SourceDate "2015.03.11"]
[SourceVersion "1"]
[SourceVersionDate "2015.03.11"]
[SourceQuality "1"]

1. d4 Nf6 2. c4 g6 3. Nc3 d5 4. Nf3 Bg7 5. Qb3 dxc4 6. Qxc4 O-O 7. e4 a6 8. Be2
b5 9. Qb3 c5 10. dxc5 Be6 11. Qc2 Nbd7 12. Be3 Rc8 13. Rd1 b4 14. Nd5 Bxd5 15.
exd5 Nxc5 16. O-O Nce4 17. Qd3 Qd6 18. g3 Rfd8 19. Bf4 Qxd5 20. Qxa6 Qa8 21.
Qxa8 Rxa8 22. Rxd8+ Rxd8 23. Ne5 Nd5 24. Rd1 Rd6 25. Nxg6 Nxf4 26. Nxf4 Rxd1+
27. Bxd1 Bxb2 28. Nd3 {The game's novelty, which changes the evaluation of the
position in absolutely nothing.} (28. Bc2 Nf6 29. Nd3 Bc3 $11 {
Tomashevsky-Gris omashevsky-Grischuk, 2014.}) 28... Bc3 29. Kg2 Kg7 30. f4 h6
31. g4 f5 32. gxf5 Nd6 33. Kf3 Kf6 34. Nf2 Kxf5 35. Ng4 Kg6 36. Bc2+ Kg7 37.
Ne3 e6 38. Bb3 Nf5 39. Ke4 1/2-1/2

[Event "Moscow Aeroflot op-A 10th"]
[Site "Moscow"]
[Date "2011.02.12"]
[Round "5"]
[White "Tomashevsky, Evgeny"]
[Black "Le, Quang Liem"]
[Result "1/2-1/2"]
[WhiteElo "2695"]
[BlackElo "2664"]
[Annotator "CB"]
[PlyCount "90"]
[EventDate "2011.02.08"]
[EventType "swiss"]
[EventRounds "9"]
[EventCountry "RUS"]
[SourceTitle "CBM 141 Extra"]
[Source "ChessBase"]
[SourceDate "2011.05.03"]
[SourceVersion "1"]
[SourceVersionDate "2011.05.03"]
[SourceQuality "1"]

1. d4 Nf6 2. c4 g6 3. Nc3 d5 4. Nf3 Bg7 5. Qb3 dxc4 6. Qxc4 O-O 7. e4 a6 8. Be2
b5 9. Qb3 c5 10. dxc5 Be6 11. Qc2 Nbd7 12. Be3 (12. c6 Nb8 13. Ng5 Nxc6 14.
Nxe6 fxe6 15. Be3 Nd4 16. Qd1 Nxe2 17. Qxe2 b4 {1/2-1/2 (34) Buhmann,R (2563)
-Le Quang,L (2694)/Khanty Mansiysk 2010/CBM 139 (34)}) 12... Rc8 13. Rd1 b4 14.
Nd5 Bxd5 15. exd5 Nxc5 16. O-O a5 17. Rfe1 Ncd7 18. Bc4 Ng4 19. Bd4 Qc7 20.
Bxg7 Kxg7 {#} 21. b3 ({Tomashevsky could have chosen} 21. Rxe7 Qxc4 22. Qxc4
Rxc4 23. Rxd7 {However after} Nf6 (23... Rc2 {would be a blunder due to} 24.
Nd4 {attacking the rook and Ne6+}) 24. Re7 Re8 25. Rxe8 Nxe8 26. Nd4 Nd6 {
though a pawn up, Black's knight blockade and active rook go a long way in
neutralizing it.}) 21... Qc5 22. Qe2 Nb6 23. h3 Nf6 24. Qxe7 Nxc4 25. bxc4 Qxc4
{#Somehow Le Quang has outsmarted his opponent and is now teetering on being
better.} 26. Nd4 $2 {This is a mistake after which White will be holding on
for dear life.} Rce8 27. Ne6+ Kg8 28. Qc7 Qxc7 29. Nxc7 Rxe1+ 30. Rxe1 Rd8 31.
Rc1 Rd7 32. Rc5 {Now it is the Vietnamese who slips and allows his opponent a
chance back into the fight.} Ne4 ({Instead the simple} 32... a4 {would have
been very difficult to defend against. The white king is too far so White
would be forced to dump the d-pawn to try and cover the queenside.} 33. Rc6
Nxd5 34. Nxd5 Rxd5 35. Rc4 Rd1+ 36. Kh2 Rb1 37. a3 {and now Black ignores the
"threat" and brings the king with} Kg7 38. Kg3 (38. axb4 $2 a3 39. Rc2 Rxb4 40.
Ra2 Rb3 $19) 38... Kf6) 33. Rc6 Nc3 34. d6 Nxa2 35. Nd5 $2 (35. Ra6 $1 b3 36.
Rxa5 {would have equalized since} Rxd6 $2 {loses to} 37. Ra8+ Kg7 38. Ne8+)
35... Kg7 36. Nb6 b3 37. Na4 Kf6 38. Rb6 Nb4 39. f4 $1 {This move is unplesant
and makes Black's work hard. The problem is that after Kf5, any king move to
either e6 or e4 is met by Nc5+ and Nxb3 (not Nxd7 which would allow the b-pawn
to promote).} g5 40. fxg5+ Kxg5 $2 (40... Ke5 41. Rb5+ Kxd6 42. Rxa5 Rb7 43.
Nb2 {is also good, but is it enough to win? That is not clear.}) 41. Nb2 {
Now however the draw is clear.} Nc2 42. Rxb3 Rxd6 43. Rb5+ f5 44. Rxa5 Ne3 45.
Ra3 Rd2 1/2-1/2

[Event "Baku FIDE GP"]
[Site "Baku"]
[Date "2014.10.02"]
[Round "1"]
[White "Tomashevsky, Evgeny"]
[Black "Grischuk, Alexander"]
[Result "1/2-1/2"]
[WhiteElo "2701"]
[BlackElo "2797"]
[Annotator "CB"]
[PlyCount "63"]
[EventDate "2014.10.02"]
[EventType "tourn"]
[EventRounds "11"]
[EventCountry "AZE"]
[EventCategory "21"]
[SourceTitle "CBM 163"]
[Source "ChessBase"]
[SourceDate "2014.11.11"]
[SourceVersion "1"]
[SourceVersionDate "2014.11.11"]
[SourceQuality "1"]

{Tomashevsky repeated some Grunfeld variation he played last year in the
European Team Championship, but obviously Grischuk knew it, prepared a novelty
and equalized easily. Not the best effort from Tomashevsky.} 1. d4 Nf6 2. c4 g6
3. Nc3 d5 4. Nf3 Bg7 5. Qb3 dxc4 6. Qxc4 O-O 7. e4 a6 8. Be2 b5 9. Qb3 c5 10.
dxc5 Be6 11. Qc2 Nbd7 12. Be3 Rc8 13. Rd1 b4 14. Nd5 Bxd5 15. exd5 Nxc5 16. O-O
Nce4 17. Qd3 {There's a few games with this unusual 17.Qd3 move, one of them
surprisingly by Tomashevsky againt a 2452 rated opponent a year ago.} Qd6 18.
g3 Rfd8 {The improvement.} (18... a5 19. Bf4 Qc5 20. Ne5 Rfd8 21. Qf3 $14 {
Tomashevsky - Schreiner, Eu chT 2013}) 19. Bf4 Qxd5 20. Qxa6 Qa8 {White has no
advantage what soever. Grischuk equalized with ease.} 21. Qxa8 Rxa8 22. Rxd8+
Rxd8 23. Ne5 Nd5 24. Rd1 Rd6 25. Nxg6 Nxf4 26. Nxf4 Rxd1+ 27. Bxd1 Bxb2 28. Bc2
Nf6 29. Nd3 Bc3 30. f4 e6 31. Kg2 Kf8 32. Kf3 1/2-1/2

[Event "Corus"]
[Site "Wijk aan Zee"]
[Date "2009.01.18"]
[Round "2"]
[White "Morozevich, Alexander"]
[Black "Van Wely, Loek"]
[Result "1-0"]
[WhiteElo "2771"]
[BlackElo "2625"]
[Annotator "CB"]
[PlyCount "85"]
[EventDate "2009.01.17"]
[EventType "tourn"]
[EventRounds "13"]
[EventCountry "NED"]
[EventCategory "19"]
[SourceTitle "CBM 129"]
[Source "ChessBase"]
[SourceDate "2009.03.25"]
[SourceVersion "1"]
[SourceVersionDate "2009.03.25"]
[SourceQuality "1"]

1. d4 Nf6 2. c4 g6 3. Nc3 d5 4. Nf3 Bg7 5. Qb3 dxc4 6. Qxc4 O-O 7. e4 a6 8. Qb3
c5 9. dxc5 Qc7 10. Qb6 Qxb6 11. cxb6 Nbd7 12. Be2 Nxb6 13. Be3 Nbd7 14. Nd4 b6
15. f3 Bb7 16. O-O-O h5 17. Nb3 Kh7 18. Rd4 Rfc8 19. Rhd1 Rc7 20. Kb1 Bh6 21.
Bxh6 Kxh6 22. Nd2 g5 23. a4 Ne5 24. Nc4 Nxc4 25. Rxc4 Rac8 26. Rcd4 Kg7 $2 (
26... Rc5 $1) 27. e5 Ne8 28. g3 f6 29. f4 fxe5 30. fxe5 g4 31. Rb4 Rc6 32. Nd5
Rc2 33. Nf4 b5 $6 (33... Bf3 34. Re1 Bxe2 35. Rxe2 Rxe2 36. Nxe2 Rc5 {is more
stubborn}) 34. axb5 axb5 35. Nxh5+ Kh6 36. Bxg4 R8c5 37. Nf4 Rxh2 38. Nd3 Rcc2
39. Bf5 Bf3 40. Rf1 Be2 41. Kxc2 Bxf1+ 42. Kc3 Nc7 43. Rg4 1-0